00979nam a22002177a 4500003000900000008004100009040007100050082001900121110006800140245004600208260003500254300002600289505026700315650002000582650001300602650002700615700003100642700003400673700002900707700002500736AR-CdUCM190305b ||||| |||| 00| 0 spa d aMUNICIPALIDAD PROVINCIAL DEL CUSCOcBIBLIOTECA MUNICIPAL DEL CUSCO a360.206 /bP71 aXII Conferencia Internacional de Servicio Social 1964. : Atenas aPlanificación para el progreso social / aLima : bLibr. Studium,c1971. a291 paginas ;c21 cm. aPre conferencia de chalquis -- Cambio social y progreso social -- Contribución al análisis del concepto de planificación social -- Planificación social y económica -- Fases de la planificación social -- Planificación, progreso, y servicio social... aServicio social aSesiones aPlanificación social aAlvarado Sanchez, Mariá aBringas de del Favero, Bertha aCisneros de Ruzo, Carola aMonte de Oca, Mireya